Statistiques concernant Ca s'est passé en janvier

Cliquez ici pour prendre le quiz!

Statistiques générales

  • Ce quiz a été pris 93 fois
  • Le résultat moyen est 15 sur 31

Statistiques - réponses

DateAnnéeQuestionRéponse% Correct
6 janvier1412Naissance de ... ,surnommée la Pucelle d'OrléansJeanne d'Arc
91%
4 janvier1809Naissance de ... , célèbre inventeur d'un alphabet pour aveugles.Louis Braille
86%
7 janvier2015Attentat qui tue 12 personnes dans les locaux du journal ...Charlie Hebdo
84%
21 janvier1793Cet ancien roi de France est guillotinéLouis XVI
74%
5 janvier1895Accusé à tort de trahison,ce capitaine de l'armée française est solennellement dégradé.Alfred Dreyfus
71%
1er janvier1515Ce roi de France débute son règne en succédant à Louis XIIFrançois Ier
69%
28 janvier1887Début de la construction d'un célèbre monument français..Tour Eiffel
64%
16 janvier1920Entrée en vigueur de la Prohibition aux Etats-Unis. Qu'est-ce qui est désormais interdit de vendre ou de consommer ?Alcool
63%
8 janvier1996Décès de ... ,Président de la République ayant eu la plus grande longévité au pouvoir (14 ans)François Mitterrand
63%
22 janvier1901Après 64 ans de règne,cette reine du Royaume-Uni décèdeVictoria
61%
24 janvier1965Décès,à 90 ans,d'un célèbre Premier ministre britannique..Winston Churchill
58%
15 janvier1200Philippe Auguste fonde l'Université de..(ville)Paris
56%
23 janvier2004Une sonde européenne prouve la présence d'eau sur cette planète..Mars
55%
3 janvier1961Les Etats-Unis rompent leurs relations diplomatiques avec ce paysCuba
54%
2 janvier1942Cet homme est parachuté en France pour organiser la résistance intérieurJean Moulin
53%
17 janvier1991Contre quel pays les Etats-Unis mènent l'opération "Tempête du Désert" ?Irak
51%
12 janvier2010Un séisme de magnitude 7 provoque plus de 230 000 morts dans ce paysHaïti
46%
19 janvier1978En Allemagne,Volkswagen arrête la production de cette célèbre voiture. Quel était son nom ?Coccinelle
45%
10 janvier1920Entrée en application d'une organisation internationale,chargée de veiller à la paix dans le monde. Cet organisation s'appelle..Société des Nations
43%
27 janvier1945Les troupes soviétiques libèrent le camp..Auschwitz
39%
13 janvier1898Afin de défendre le capitaine de l'armée française injustement déchu,Emile Zola publie "J'accuse !" dans un célèbre journal français. Lequel ?L'Aurore
39%
18 janvier1919Début de la Conférence de paix organisée après la 1ère Guerre mondiale. Dans quelle ville cette conférence a-t-elle lieu ?Versailles
38%
29 janvier1635L'Académie française est officiellement créée par ce célèbre ministre de Louis XIIIRichelieu
35%
11 janvier1923Suite au défaut de paiement des indemnités de guerre par l'Allemagne,la France occupe ce célèbre bassin industrielle allemandRuhr
35%
25 janvier1785Début d'une affaire qui éclabousse la reine Marie-Antoinette et Louis XVI. Quel objet est au centre de cette affaire ?Collier
26%
9 janvier1909Accord colonial entre la France et l'Allemagne sur ce pays d'AfriqueMaroc
26%
20 janvier1942Suite à la conférence de Wannsee,les nazis décident de lancer..La solution finale
25%
31 janvier1943Les troupes allemandes capitulent à...Stalingrad
25%
30 janvier1853Napoléon III épouse ...,qui devient impératriceEugénie de Montijo
20%
26 janvier1926John Logie Baird invente la télévision. Dans quelle ville a eu lieu cette invention ?Londres
18%
14 janvier1797L'armée française,menée par le général Bonaparte remporte une bataille importante dans le nord de l'Italie. Quel est le nom de cette bataille ?Bataille de Rivoli
6%

Distribution des résultats

Percentile par nombre de réponses

% des personnes avec chaque résultat

Votre développement - résultats

Vous n’avez pas pris ce quiz